000 00551nam a2200193Ia 4500
005 20230516154913.0
008 131103s9999 xx 000 0 und d
040 _aLoreto College
041 _aEnglish
082 _aTAG 891.44
_bTAG-MAJ
100 _aMajumdar, Satyendranath
245 _aRabindranather jeebanved
_cSatyendranath Majumdar
260 _aCalcutta
_bBookland
_c1964
300 _a194p
650 _aTagore, Rabindranath, 1861-1941 -Criticism and Interpretation
651 _aBengali Literature
850 _aLCLIB
942 _cBK
999 _c16985
_d67464